000 00286nam a2200121Ia 4500
008 190216s9999||||xx |||||||||||||| ||und||
100 _aNand Kishor Nandan
245 0 _aHindi-Mera Vatan Kahan Hai
260 _bRajdeep Prakashan
_c2008
300 _a79
650 _aHindi
942 _cBK
999 _c16564
_d16564